LEADER 00926nam a2200289 i 4500 001 991000797639707536 005 20020506123742.0 008 970308s1967 it ||| | ita 035 $ab10130998-39ule_inst 035 $aLE00637003$9ExL 040 $aDip.to Fisica$bita 084 $a53(081) 084 $a53(092) 084 $a500 100 1 $aVolta, Alessandro$06686 245 10$aA. Volta :$bopere scelte /$ca cura di M. Gliozzi 260 $aTorino :$bUTET,$c1967 300 $a655 p. :$bill. ;$c24 cm. 490 0 $aClassici della scienza ;$v10 650 4$aVolta, Alessandro 700 1 $aGliozzi, Mario 907 $a.b10130998$b17-02-17$c27-06-02 912 $a991000797639707536 945 $aLE006 53(08+092) VOL$g1$i2006000013901$lle006$o-$pE0.00$q-$rl$s- $t0$u0$v0$w0$x0$y.i10153202$z27-06-02 996 $aA. Volta$9186145 997 $aUNISALENTO 998 $ale006$b01-01-97$cm$da $e-$fita$git $h0$i1 LEADER 02321oas 2200829 a 450 001 9910250055603321 005 20260218111202.0 011 $a2287-0113 035 $a(OCoLC)812344189 035 $a(CONSER) 2012252781 035 $a(CKB)2670000000395395 035 $a(MiAaPQ)2031870 035 $a(DE-599)ZDB2745640-7 035 $a(DE-599)2745640-7 035 $a(EXLCZ)992670000000395395 100 $a20121009a20129999 uy 101 0 $aeng 135 $aur||||||||||| 181 $ctxt$2rdacontent 182 $cc$2rdamedia 183 $acr$2rdacarrier 200 00$aAnti-trafficking review 210 $aBangkok, Thailand $cGlobal Alliance against Traffic in Women 215 $a1 online resource 300 $aRefereed/Peer-reviewed 311 08$a2286-7511 531 1 $aAnti traffick. rev. 606 $aHuman trafficking$vPeriodicals 606 $aHuman trafficking$xPrevention$vPeriodicals 606 $aWomen's rights$vPeriodicals 606 $aHuman rights$vPeriodicals 606 $aTraite des e?tres humains$vPe?riodiques 606 $aFemmes$xDroits$vPe?riodiques 606 $aDroits de l'homme (Droit international)$vPe?riodiques 606 $aHuman rights$2fast$3(OCoLC)fst00963285 606 $aHuman trafficking$2fast$3(OCoLC)fst01739818 606 $aWomen's rights$2fast$3(OCoLC)fst01178818 608 $aPeriodicals.$2fast 615 0$aHuman trafficking 615 0$aHuman trafficking$xPrevention 615 0$aWomen's rights 615 0$aHuman rights 615 6$aTraite des e?tres humains 615 6$aFemmes$xDroits 615 6$aDroits de l'homme (Droit international) 615 7$aHuman rights. 615 7$aHuman trafficking. 615 7$aWomen's rights. 712 02$aGlobal Alliance against Traffic in Women. 801 0$bWAU 801 1$bWAU 801 2$bOCLCQ 801 2$bSERSO 801 2$bOCLCO 801 2$bOCLCQ 801 2$bCUS 801 2$bOCLCA 801 2$bOCLCF 801 2$bSFB 801 2$bBWN 801 2$bOCLCQ 801 2$bDLC 801 2$bAU@ 801 2$bAUD 801 2$bLND 801 2$bLVT 801 2$bOCLCL 801 2$bOCLCQ 906 $aJOURNAL 912 $a9910250055603321 996 $aAnti-trafficking review$92290414 997 $aUNINA